000 00305nam a22001217a 4500
008 160426b xxu||||| |||| 00| 0 eng d
020 _a9780781781602
020 _a100781781604
041 _aeng
080 _a618.2
245 _aHealth assessment in nursing:
_cJanet Weber ; Jane Kelley;
942 _2udc
_cBK
999 _c1586
_d1586